Výrobný proces podniku - analýza výrobného procesu vo firme Plasted, spol. s r.o. bakalárska práca

Gespeichert in:
Bibliographische Detailangaben
1. Verfasser: Kacko, Tomáš
Körperschaft: Fakulta podnikového manažmentu EU. Katedra manažmentu výroby a logistiky - zrušená
Weitere Verfasser: Rakovská, Júlia, 1972-
Format: Buch
Sprache:Slowakisch
Veröffentlicht: Bratislava 2009
Tags: Tag hinzufügen
Keine Tags, Fügen Sie das erste Tag hinzu!

MARC

LEADER 00000nam$a2200000$$$4500
001 0102467
005 20240320075539.2
041 0 |a slo 
044 |a SK 
245 1 0 |a Výrobný proces podniku - analýza výrobného procesu vo firme Plasted, spol. s r.o.  |b bakalárska práca  |c Tomáš Kacko ; škol. Júlia Rakovská 
264 1 |a Bratislava  |c 2009 
300 |a 31 s. 
100 1 |a Kacko, Tomáš 
700 1 |a Rakovská, Júlia, 1972- 
710 2 |a Fakulta podnikového manažmentu EU. Katedra manažmentu výroby a logistiky - zrušená